1446 1928 1115 1025 1263 1867 1395 1644 1670 1279 1757 1768 1454 1139 1528 1902 1423 1550 1055 1857 1698 1680 1048 1036 1431 1536 1825 1852 1771 1115 1929 1272 1847 1890 1399 1220 1469 1189 1225 1234 1542 1843 1074 1644 1686 1143 1777 1967 1238 1525 1602 1733 1647 1588 1148 1528 1593 1056 1065 1512 1460 1366 1070 1861 1188 1945 1132 1862 1600 1651 1271 1439 1550 1531 1197 1366 1698 1895 1064 1075 1141 1044 1698 1053 1356 1046 1884 1492 1983 1047 1065 1837 1146 1530 1486 1465 1625 1902 1415 BCNSPRNW ULIB Ver.6.0+V

เปลี่ยนเป็นภาษาไทย

Change to English
 แสดงรายละเอียดบรรณานุกรม
  กลับหน้าหลัก

Brief Record : Get Marc (ISO 2709) : E-mail record : QR code < ปิดหน้าต่าง
LEADER : 00000nam 2200000uu 4500
001    13399113272
003     ULIB
008    111005s2552||||th 000 0 tha d
020    9786115120512
050 04 TT870^bว669ง 2552
100 0  วิมลมาศ สมัครไร่
245 10 งานประดิษฐ์จากขวดพลาสติก /^cวิมลมาศ สมัครไร่
250    พิมพ์ครั้งที่ 1
260    กรุงเทพฯ :^bวาดศิลป์,^c2552
300    64 หน้า :^bภาพประกอบ
650  7 การประดิษฐ์ด้วยพลาสติก
650  7 การประดิษฐ์ด้วยเศษวัสดุ
945    ^p160^l0^i027678
995    ทศพร
999 ^a ทศพร
รายการนี้ยังไม่มีแท็ก
คุณยังไม่ได้ล็อกอิน คุณสามารถมีกิจกรรมร่วมกับเว็บไซต์ได้ แต่ต้องล็อกอินก่อน ::
  ล็อกอิน

รายการสื่อสารสนเทศ

ลำดับที่ ประเภท เลขเรียก/บาร์โค้ด สถานที่ สถานะ
- ไม่พบข้อมูล -

รายการใกล้เคียง
    หัวเรื่อง [การประดิษฐ์ด้วยเศษวัสดุ]

BibComment


ยังไม่เคยถูกคอมเมนท์

คอมเมนท์ทรัพยากรรายการนี้
  คอมเมนท์: งานประดิษฐ์จากขวด..


 Copyright 2026. Bcnsprnw @Library